000 00732nam a2200277Ia 4500
003 OSt
005 20221006151730.0
006 a|||||r|||| 00| 0
007 ta
008 221006b |||||||| |||| 00| 0 eng d
020 _c345.00
024 _a23,163
037 _cTextual
040 _aEASL
_cEASL
_beng
041 _2eng
_aeng
082 _av.41.N8, M0
100 _aRHODE G F
_9659880
245 0 _aTreaties of the People's Republic of China 1949-78
260 _aColorado
_bWestview Press
_c1980
300 _a207p.
_ccm.
490 _v RR
650 _aCEL
700 _a Whitlock Reid E.
_9426164
942 _hv.41.N8, M0
_cTEXL
_2CC
999 _c1091249
_d1091249